10 największych miast w Niemczech - Statystyki

Ogólne statystyki
  • Ten quiz został rozwiązany 92 razy
  • Średni wynik to 7 z 10
Statystyki odpowiedzi
Ilość mieszkańców Miasto % Poprawnych
3.469.849 Berlin
99%
1.429.584 Monachium
96%
1.762.791 Hamburg
93%
580.511 Dortmund
73%
1.046.680 Kolonia
70%
551.767 Lipsk
60%
717.624 Frankfurt nad Menem
49%
604.527 Düsseldorf
45%
612.441 Stuttgart
45%
579.432 Essen
28%
Nie znaleziono quizów pasujących do podanych kryteriów
Rozkład punktacji
Procent ludzi z każdym wynikiem
Percentyl według liczby udzielonych odpowiedzi
Twoja historia wyników
Nie rozwiązałeś tego quizu